[Event "Piestany Slovakia op-B"]
[Site "Piestany"]
[Date "2024.07.11"]
[Round "3"]
[White "Livnansky, Tomas"]
[Black "Har Even, Abir"]
[Result "0-1"]
[WhiteElo "1696"]
[BlackElo "1986"]
[PlyCount "146"]
[EventDate "2024.07.09"]
[EventType "swiss"]
[EventRounds "9"]
[EventCountry "SVK"]
[SourceTitle "EXT 2025"]
[Source "ChessBase"]
[SourceDate "2024.10.14"]
[SourceVersion "1"]
[SourceVersionDate "2024.10.14"]
[SourceQuality "1"]

1. d4 d6 2. e4 Nf6 3. Nc3 c6 4. f4 Qa5 5. e5 Ne4 6. Nf3 d5 7. Bd2 Nxd2 8. Qxd2 Bg4 9. Be2 e6 10. 0-0 c5 11. Kh1 Nc6 12. dxc5 Bxc5 13. a3 Qc7 14. b4 Be7 15. h3 h5 16. Nh2 Bxe2 17. Nxe2 g6 18. Nf3 Rc8 19. Rac1 Nb8 20. c3 Nd7 21. Qd3 Nb6 22. Nd2 Kf8 23. Rc2 Kg7 24. Rfc1 Nc4 25. Nxc4 Qxc4 26. Qxc4 Rxc4 27. Rd2 Rhc8 28. Rd4 Bd8 29. Rxc4 Rxc4 30. g3 h4 31. Kg2 hxg3 32. Kxg3 Bb6 33. Kf3 Re4 34. Rc2 a6 35. Kg3 Ba7 36. Kf3 b5 37. Rd2 Re3+ 38. Kg2 Bb6 39. Rc2 Rd3 40. Kh2 Rd1 41. Ra2 Be3 42. Kg2 Rd2 43. Rxd2 Bxd2 44. Kf3 Kh6 45. Kg4 Be1 46. h4 Bd2 47. Kh3 Be3 48. Kg4 Bf2 49. Nd4 Be1 50. Ne2 Bd2 51. Kh3 Kg7 52. Kg4 f6 53. Kh3 Kf7 54. Kg4 Be3 55. Kf3 Bd2 56. Kg4 Be1 57. Kh3 f5 58. Nd4 Bxc3 59. Nc6 Bb2 60. Nb8 Bxa3 61. Nxa6 Ke7 62. h5 gxh5 63. Kh4 d4 64. Nc5 Bxb4 65. Nd3 Bc3 66. Kxh5 b4 67. Nc5 Bd2 68. Nb3 Bxf4 69. Nxd4 Kd7 70. Nb3 Bxe5 71. Kg5 Kd6 72. Kg6 Kd5 73. Kf7 f4 0-1

[Event "EU-chT Seniors 65"]
[Site "Swidnica"]
[Date "2023.07.20"]
[Round "9.4"]
[White "Har Even, Abir"]
[Black "Kierzek, Matthias"]
[Result "0-1"]
[WhiteElo "1980"]
[BlackElo "2202"]
[PlyCount "120"]
[EventDate "2023.07.12"]
[EventType "team-swiss"]
[EventRounds "9"]
[EventCountry "POL"]
[SourceTitle "CBM 215 Extra"]
[Source "ChessBase"]
[SourceDate "2023.09.30"]
[SourceVersion "1"]
[SourceVersionDate "2023.09.30"]
[SourceQuality "1"]
[WhiteTeam "Israel 65"]
[BlackTeam "Germany 65  "]
[WhiteTeamCountry "ISR"]
[BlackTeamCountry "GER"]

1. e4 c6 2. Nc3 d5 3. Nf3 dxe4 4. Nxe4 Nf6 5. Qe2 Nxe4 6. Qxe4 Qa5 7. Bc4 Bf5 8. Qf4 e6 9. c3 Be7 10. d4 Nd7 11. Ng5 0-0 12. h4 Nf6 13. Be3 Rad8 14. Qg3 Bd6 15. f4 Qc7 16. 0-0 h6 17. Nh3 h5 18. Ng5 Ng4 19. Rad1 Rfe8 20. a4 f6 21. Nh3 Kh8 22. Bc1 Bc2 23. Rde1 Bf5 24. Bd3 Qa5 25. Nf2 Qxa4 26. Nxg4 Bxg4 27. Be2 Bxe2 28. Rxe2 Qb5 29. Qf3 Qd5 30. Qd3 Qf5 31. Qxf5 exf5 32. Rfe1 Rxe2 33. Rxe2 Kg8 34. Kf2 Kf7 35. Be3 Re8 36. Rd2 b5 37. b4 a6 38. d5 cxd5 39. Rxd5 Ke6 40. Rd2 Rc8 41. Ra2 Rc6 42. g3 Kd5 43. Rd2+ Kc4 44. Bd4 Bc7 45. Ra2 a5 46. bxa5 Ra6 47. Ke2 Rxa5 48. Rc2 Ra3 49. Kd2 Ra1 50. Rb2 Bd6 51. Bf2 Rf1 52. Ke2 Rc1 53. Be1 Bc5 54. Ra2 Rb1 55. Ra8 Rb2+ 56. Kf1 Kd3 57. Rd8+ Ke4 58. Rd2 Rxd2 59. Bxd2 Kd3 60. Be1 Be3 0-1

[Event "ISR-ch op"]
[Site "Safed"]
[Date "2021.12.16"]
[Round "9"]
[White "Har Even, Abir"]
[Black "Kupervaser, Erez"]
[Result "0-1"]
[WhiteElo "2086"]
[BlackElo "2371"]
[PlyCount "98"]
[EventDate "2021.12.08"]
[EventType "swiss"]
[EventRounds "9"]
[EventCountry "ISR"]
[SourceTitle "CBM 205 Extra"]
[Source "ChessBase"]
[SourceDate "2022.01.31"]
[SourceVersion "1"]
[SourceVersionDate "2022.01.31"]
[SourceQuality "1"]

1. e4 c5 2. Nc3 g6 3. f4 Bg7 4. Nf3 Nc6 5. Bb5 Nd4 6. 0-0 Nxb5 7. Nxb5 d5 8. exd5 a6 9. Nc3 Nf6 10. d4 Nxd5 11. dxc5 Nxc3 12. Qxd8+ Kxd8 13. bxc3 Bxc3 14. Rb1 Kc7 15. Rb3 Bf6 16. Bd2 Be6 17. Ba5+ Kb8 18. Rb6 Rc8 19. Rxe6 fxe6 20. Bb6 Rf8 21. Rd1 Kc8 22. a4 a5 23. Nd4 Kd7 24. Nb5+ Kc6 25. Na7+ Rxa7 26. Bxa7 Bc3 27. g3 Bb4 28. Kg2 Ra8 29. Bb6 Bxc5 30. Bxc5 Kxc5 31. Rd7 b5 32. axb5 Kxb5 33. Rxe7 a4 34. Rxe6 a3 35. Re1 a2 36. Ra1 Kb4 37. Kf3 Ka3 38. Ke4 Kb2 39. Rxa2+ Rxa2 40. g4 Kc3 41. f5 gxf5+ 42. Kxf5 Rxc2 43. h4 Kd4 44. h5 Rf2+ 45. Kg5 Ke5 46. Kh6 Rg2 47. Kxh7 Rxg4 48. h6 Kf6 49. Kh8 Ra4 0-1

[Event "Gibraltar Challengers-A 14th"]
[Site "Caleta"]
[Date "2016.01.27"]
[Round "3"]
[White "Har Even, Abir"]
[Black "Menna Barreto, Felipe Kubiaki"]
[Result "0-1"]
[WhiteElo "2094"]
[BlackElo "2247"]
[PlyCount "48"]
[EventDate "2016.01.25"]
[EventType "swiss"]
[EventRounds "5"]
[EventCountry "GGB"]
[SourceTitle "CBM 170 Extra"]
[Source "ChessBase"]
[SourceDate "2016.02.25"]
[SourceVersion "1"]
[SourceVersionDate "2016.02.25"]
[SourceQuality "1"]

1. e4 e6 2. d3 c5 3. g3 Nc6 4. Bg2 g6 5. Nc3 Bg7 6. f4 d6 7. Nf3 Nge7 8. 0-0 0-0 9. g4 f5 10. h3 Rb8 11. Ne2 e5 12. gxf5 gxf5 13. c3 Kh8 14. Be3 Ng6 15. Qd2 Nh4 16. Nxh4 Qxh4 17. fxe5 f4 18. Bxf4 Bxh3 19. exd6 Rg8 20. Bg3 Be5 21. Bxe5+ Nxe5 22. Nf4 Bxg2 23. Nxg2 Qh3 24. Qf2 Rbf8 0-1

[Event "Arad op 8th"]
[Site "Arad"]
[Date "2015.08.06"]
[Round "1"]
[White "Har Even, Abir"]
[Black "Druska, Juraj"]
[Result "1/2-1/2"]
[WhiteElo "2100"]
[BlackElo "2456"]
[PlyCount "201"]
[EventDate "2015.08.06"]
[EventType "swiss"]
[EventRounds "9"]
[EventCountry "ROU"]
[SourceTitle "CBM 167 Extra"]
[Source "ChessBase"]
[SourceDate "2015.09.14"]
[SourceVersion "1"]
[SourceVersionDate "2015.09.14"]
[SourceQuality "1"]

1. e4 c5 2. Nc3 g6 3. f4 Bg7 4. Nf3 Nc6 5. Bb5 Nd4 6. 0-0 Nxb5 7. Nxb5 Qb6 8. c4 d6 9. a4 Nf6 10. d3 0-0 11. Qe1 Bg4 12. Qh4 Qd8 13. Nc3 e6 14. Ne1 Bh5 15. h3 d5 16. cxd5 exd5 17. e5 d4 18. Nb5 Be2 19. Rf2 Bd1 20. Rd2 Bb3 21. exf6 Bxf6 22. Qf2 a6 23. Na3 Bxa4 24. Nc4 Bc6 25. Nf3 b5 26. Nce5 Bb7 27. Rc2 Qd5 28. b4 cxb4 29. Qxd4 Rac8 30. Rxc8 Qxd4+ 31. Nxd4 Rxc8 32. Bd2 Be7 33. Kf1 Bd5 34. Rc1 Rxc1+ 35. Bxc1 f6 36. Nec6 Bc5 37. Bb2 Kf7 38. g4 Bd6 39. Ke2 Bxf4 40. Nxb4 Bb7 41. Nbc6 Ke8 42. Bc3 g5 43. Kf2 Bc7 44. Ba5 Bf4 45. Nd8 Bc8 46. N8e6 Be5 47. Ng7+ Kd7 48. Nb3 Kc6 49. d4 Bd6 50. Ke3 Bf8 51. Ne8 f5 52. Nf6 fxg4 53. d5+ Kb7 54. hxg4 Be7 55. Ne4 Bxg4 56. d6 Bf8 57. Bb4 Kc6 58. d7 Bxd7 59. Bxf8 h5 60. Nxg5 Kd5 61. Nf3 Be8 62. Kd3 Bg6+ 63. Kc3 Ke4 64. Nh4 Bf7 65. Nc5+ Kf4 66. Nxa6 Bc4 67. Kb4 Kg4 68. Be7 Bd3 69. Nc7 Be4 70. Kxb5 Bd3+ 71. Kc5 Kf4 72. Kd4 Be2 73. Ne6+ Kg4 74. Ke4 Ba6 75. Nc5 Bb5 76. Nd3 Bc6+ 77. Ke3 Bb7 78. Nf2+ Kg3 79. Nf5+ Kg2 80. Ng7 Bf3 81. Bh4 Bc6 82. Nxh5 Bb7 83. Nf4+ Kf1 84. Ng4 Kg1 85. Bf2+ Kh1 86. Bg3 Kg1 87. Nf2 Bc8 88. Ne4 Bb7 89. Ng5 Bc8 90. Nf3+ Kh1 91. Kf2 Bb7 92. Nh5 Bc6 93. Bf4 Bxf3 94. Kxf3 Kg1 95. Ng3 Kh2 96. Be3 Kh3 97. Nf1 Kh4 98. Ng3 Kh3 99. Nf1 Kh4 100. Kf4 Kh3 101. Kf3 1/2-1/2